| 000 | 00681nam a2200253Ia 4500 | ||
|---|---|---|---|
| 003 | OSt | ||
| 005 | 20220918163507.0 | ||
| 006 | a|||||r|||| 00| 0 | ||
| 007 | ta | ||
| 008 | 220917b |||||||| |||| 00| 0 eng d | ||
| 020 | _a0048260045 | ||
| 024 | _a30,587 | ||
| 037 | _cTextual | ||
| 040 |
_aARTS _cARTS _beng |
||
| 041 |
_2eng _aeng |
||
| 082 | _aO111,4M191x, L9 | ||
| 100 |
_aRuskin John _910983 |
||
| 245 | 0 | _aRtrevelyan 1848-1866 ed by Virginia Surtees | |
| 260 |
_aLondon _bGeorge Allen UK _c1979 |
||
| 300 |
_axiii,287p. _ccm. |
||
| 650 | _aENGLISH LITERATURE | ||
| 942 |
_hO111,4M191x, L9 _cTEXL _2CC |
||
| 999 |
_c119842 _d119842 |
||